000 00703nam a22002055i 4500
001 166414
003 ES-MaACL
005 20240126063021.0
008 990920s1894 fr a |||| | fre d
040 _aCAM
_bspa
_cCAM
100 1 _aTolstói, Lev,
_d1828-1910
_9110489
245 1 3 _aLa mort d'Ivan Iliitch /
_cTolstoi ; traduction de J. Darville ; illustrations de Marold et Mittis.
260 _aParis :
_bE. Dentu,
_c1894 (
_fEdouard Guillaume)
300 _a181 p., [2] h. de lám. :
_bil. ;
_c14 cm.
700 1 _aDarville, J.
_9126700
700 1 _aMarold.
_9129520
700 1 _aMittis.
_9129999
852 _aES-MaACL
_jR-2928
_z-- Enc. hol.
_x-- Olim: F-637
999 _c166414
_d166414